000 00868nam a22003137a 4500
001 0003722
003 KOHA_MİRAKIL
005 20260207001345.0
007 ta
008 090415b1998 tu |||gr||||#||||0|tur |
020 _a9757351261
040 _aTR-BiSEU
_btur
_cTR-BiSEU
_erda
041 0 _atur
044 _ctu
050 _aJA71
_b.Y39 1998
100 1 _aYayla, Atilla.
245 1 _aSiyaset teorisine giriş/
_cAtilla Yayla ; Atilla Yayla.
264 1 _aAnkara :
_bSiyasal Kitabevi
_c1998
300 _a203 sayfa; 21 cm.
336 _ametin
_btxt
_2rdacontent
337 _aaracısız
_bn
_2rdamedia
338 _acilt
_bnc
_2rdacarrier
490 1 _aSiyaset kitabevi ;
_v98.
500 _aKaynakça var.
650 0 _aSiyaset bilimi.
_97933
650 0 _aPolitical science.
_98744
830 1 _aSiyaset kitabevi ;
_v98.
_99056
942 _2lcc
_cBK
999 _c3706
_d3706